LEADER 01434nam a2200301 4500 001 000000359442 003 CaOOAMICUS 005 20240822104033.0 008 240822s1638 it 000 u ita r 040 $aSeMil$bita 100 11$aBascapè, Carlo,$c.$0(OLS)http://semarc/name/13440 245 10$aOrdini, datti da monsig. reuerendiss. don Carlo vescovo di Nouara, a fabriceti del Sacro Monte di Varalle, alli 5. di Ottobre 1605. 264 1$a(Varalli :$bApud Marcum Rauellum,$c1638) 300 $a[16] c. ;$c4° 500 $aColophon in fine 500 $aIniz. xilogr. 500 $aSegn. A-D? 500 $aTitolo della titolazione a carta D1r 500 $aMutilo dei fascicoli A-C4 500 $aInserito all'interno del vol. collocato in 3Z VI 10/10 FA poichè riguardante l'argomento Sacro Monte di Varallo 650 4$aVarallo - Sacro Monte.$0(OLS)http://semarc/subject/18066 700 1 $aRevelli, Marco,$c.$0(OLS)http://semarc/name/120255 850 $aSeMil 852 $aSeMil$W1$xVenegono$y1$m3Z VI 10/11 FA$j250402$B250530$CSeMilBibl$Z2$F250530 $8I 941 1 $a10 996 $6245$aOrdini, datti da monsig. reuerendiss. don Carlo vescovo di Nouara, a fabriceti del Sacro Monte di Varalle, alli 5. di Ottobre 1605$9(OLS)http://semarc/title/449890 996 $6264$a(Varalli :$bApud Marcum Rauellum$9(OLS)http://semarc/publisher/61911 LEADER 00893nam a2200193 i 4500 001 000000013832 003 CaOOAMICUS 005 20180830125442.0 008 180830s1956 it u000 u ita u 040 $aSeMil$bita 100 1 $aGiannelli, Giulio,$d<1889-1980>.$0(OLS)http://semarc/name/6556 245 10$aTrattato di storia romana /$cGiulio Giannelli prof. ord. di storia greca e romana nella Università di Firenze, Santo Mazzarino prof. ord. di storia greca e romana nella Università di Catania. 260 $aRoma :$bTumminelli Editore,$c1956. 300 $av. ;$c25 cm. 650 4$aRoma - Storia.$0(OLS)http://semarc/subject/1163 700 1 $aMazzarino, Santo.$0(OLS)http://semarc/name/6557 774 0 $tImpero romano.$gVolume2$w()141113 996 $6245$aTrattato di storia romana$9(OLS)http://semarc/title/18410 996 $6260$aRoma :$bTumminelli Editore$9(OLS)http://semarc/publisher/33749